ՀՀ Գիտությունների ազգային ակադեմիայի հիմնարար գիտական գրադարան  =   Fundamental Scientific Library of NAS RA

Սասուն : (Record no. 140092)

MARC details
000 -LEADER
fixed length control field 00867nam a2200217 a 4500
001 - CONTROL NUMBER
control field 000366421
003 - CONTROL NUMBER IDENTIFIER
control field AM-YeHGA
005 - DATE AND TIME OF LATEST TRANSACTION
control field 20250618072248.0
008 - FIXED-LENGTH DATA ELEMENTS--GENERAL INFORMATION
fixed length control field 041005s1895 ai 000 | arm d
040 ## - CATALOGING SOURCE
Original cataloging agency AM-YeHGA
041 0# - LANGUAGE CODE
Language code of text/sound track or separate title arm
090 ## - LOCALLY ASSIGNED LC-TYPE CALL NUMBER (OCLC); LOCAL CALL NUMBER (RLIN)
-- 141470
100 1# - MAIN ENTRY--PERSONAL NAME
Personal name Քալանթար, Ալեքսանդր Հայրապետի,
Dates associated with a name 1855-1913
9 (RLIN) 1611
245 10 - TITLE STATEMENT
Title Սասուն :
Remainder of title Աշխարհագրական քարտէզով /
Statement of responsibility, etc. Կազմ.՝ Ա. Քալանթար.
260 ## - PUBLICATION, DISTRIBUTION, ETC.
Place of publication, distribution, etc. Թիֆլիս :
Name of publisher, distributor, etc. տպ. Կովկասեան գլխաւոր կառավարչապետի,
Date of publication, distribution, etc. 1895.
300 ## - PHYSICAL DESCRIPTION
Extent 83 էջ :
Other physical details 1 ծալվ. թ. քարտեզ ;
Dimensions 14 սմ.
500 ## - GENERAL NOTE
General note (Արտատպ. «Մշակ» լրագրից)
650 14 - SUBJECT ADDED ENTRY--TOPICAL TERM
Topical term or geographic name entry element Տնտեսագիտություն
Geographic subdivision Հայաստան
9 (RLIN) 4971
650 14 - SUBJECT ADDED ENTRY--TOPICAL TERM
Topical term or geographic name entry element Հայաստանի քաղաքներ
9 (RLIN) 5294
651 #4 - SUBJECT ADDED ENTRY--GEOGRAPHIC NAME
Geographic name Սասուն (Հայաստան)
Holdings
Withdrawn status Lost status Damaged status Not for loan Collection Home library Current library Date acquired Total checkouts Full call number Barcode Date last seen Price effective from Koha item type Public note
        General Fundamental Scientific Library Fundamental Scientific Library 22/12/2016   AI/7072 FL0043358 22/12/2016 22/12/2016 Գրքեր / Books 30 Days Loan


ՀՀ ԳԱԱ հիմնարար գիտական գրադարան
ՀՀ,Երևան 0019
Մարշալ Բաղրամյան 24/6
հեռախոս:(374-10) 52-47-50
Հետադարձ կապ

All site content, except where otherwise noted, is licensed under a
Creative Commons License